|
|
|
|
| LEADER |
00000cas a2200000Ia 4500 |
| 001 |
vtls008420096 |
| 003 |
SK-MaSNL |
| 005 |
20260228161024.0 |
| 008 |
051221d20042013xo mr p 0 b0slo |
| 022 |
|
|
|a 1337-8058
|
| 035 |
|
|
|a (SVKBB03)vtls000212641
|
| 040 |
|
|
|a SVKPO
|b slo
|c SVKPO
|d SNK
|d SVKBB
|e AACR2
|
| 041 |
0 |
|
|a slo
|
| 044 |
|
|
|a xo
|c SK
|
| 072 |
|
7 |
|a 687.5
|x Kozmetický priemysel
|2 konspekt
|
| 080 |
|
|
|a 687.5
|2 2001
|
| 080 |
|
|
|a 050
|2 2001
|
| 245 |
0 |
0 |
|a Actuelle
|b odborné periodikum pre oblasť profesionálnych beauty služieb
|
| 246 |
1 |
3 |
|a Actuelle Slovenská republika
|
| 247 |
0 |
1 |
|a Actuelle
|b nezávislé odborné periodikum skrášľovacieho priemyslu
|f 2004-[2005]
|
| 247 |
0 |
1 |
|a Actuelle
|b odborný kozmetický mesačník
|f [2006-8/2008]
|
| 260 |
|
|
|a Medveďov
|b R.A.P.
|c 2004-2013
|
| 300 |
|
|
|a 10 zv.
|c 30 cm
|
| 310 |
|
|
|a 1x mesačne
|
| 362 |
0 |
|
|a Roč. 1 (2004)-roč. 10, č. 5/6 (2013)
|
| 500 |
|
|
|a Registračné č.: MK SR 3204/2004
|
| 500 |
|
|
|a Od r. 2011 vychádza s dvojmesačnou periodicitou s tým, že v párnych mes. vych. Actuelle SR a nepárnych mes. vych. Atuelle ČR
|
| 515 |
|
|
|a V prvom roku vydávania časopisu r. 2004 vyšli čísla aug.-dec. 2004. V r. 2005 a 2006 č. 8 nevychádza
|
| 525 |
|
|
|a Časopis Actuelle, roč. 5, č. 5 (máj 2008) obsahuje nulté číslo nového profesionálneho klubového časopisu pre nechtový dizajn, manikúru a pedikúru, ktorý je tlačený zvratmo: Profi nails club
|
| 650 |
0 |
7 |
|a kozmetický priemysel
|2 SNKPH
|9 51425
|
| 650 |
0 |
7 |
|a kozmetika
|2 SNKPH
|9 17020
|
| 655 |
|
7 |
|a odborné časopisy
|2 SNKPH
|9 70505
|
| 850 |
|
|
|a Štátna vedecká knižnica v Prešove
|
| 852 |
|
|
|a Štátna vedecká knižnica v Banskej Bystrici
|
| 856 |
4 |
1 |
|u http://www.actuelle.sk
|
| 910 |
|
|
|a snk
|
| 916 |
|
|
|a 2004-2012
|
| 958 |
|
|
|a OND
|
| 999 |
|
|
|c 4116
|d 6046
|
| 952 |
|
|
|0 0
|1 0
|4 0
|7 0
|8 0
|a SNK
|b SNK
|d 2014-05-14
|f 1
|i snk2014/11434
|l 0
|o snkČSB 5886/1/2004
|p 17A1088050
|r 2026-02-21 21:03:28
|t č. 1-6, neúplné
|w 2026-02-21
|y PREZ
|z chýba č. 1
|
| 952 |
|
|
|0 0
|1 0
|4 0
|7 0
|8 0
|a SNK
|b SNK
|d 2014-05-14
|i snk2014/11436
|l 0
|o snkČSB 5886/1/2004 D1
|p 17A1088051
|r 2026-02-21 21:03:28
|t č. 1-6, neúplné
|w 2026-02-21
|y PREZ
|z chýba č. 1-3,6
|
| 952 |
|
|
|0 0
|1 0
|4 0
|7 0
|8 0
|a SNK
|b SNK
|d 2014-05-15
|f 1
|i snk2014/11475
|l 0
|o snkČSB 5886/2/2005
|p 17A1088052
|r 2026-02-21 21:03:36
|t č. 1-12
|w 2026-02-21
|y PREZ
|z č. 8 nevyšlo
|
| 952 |
|
|
|0 0
|1 0
|4 0
|7 0
|8 0
|a SNK
|b SNK
|d 2014-05-15
|i snk2014/11478
|l 0
|o snkČSB 5886/2/2005 D1
|p 17A1088053
|r 2026-02-21 21:03:36
|t č. 1-12, neúplné
|w 2026-02-21
|y PREZ
|z chýba č. 4-12; č. 8 nevyšlo
|
| 952 |
|
|
|0 0
|1 0
|4 0
|7 0
|8 0
|a SNK
|b SNK
|d 2014-05-15
|f 1
|i snk2014/11479
|l 0
|o snkČSB 5886/3/2006
|p 17A1088054
|r 2026-02-21 21:03:36
|t č. 1-12
|w 2026-02-21
|y PREZ
|z č. 8 nevyšlo
|
| 952 |
|
|
|0 0
|1 0
|4 0
|7 0
|8 0
|a SNK
|b SNK
|d 2014-05-15
|f 1
|i snk2014/11480
|l 0
|o snkČSB 5886/4/2007
|p 17A1088055
|r 2026-02-21 21:03:36
|t č. 1-12+1/2008, neúplné
|w 2026-02-21
|y PREZ
|z chýba č. 5-10
|
| 952 |
|
|
|0 0
|1 0
|4 0
|7 0
|8 0
|a SNK
|b SNK
|d 2014-05-15
|i snk2014/11481
|l 0
|o snkČSB 5886/4/2007 D1
|p 17A1088056
|r 2026-02-21 21:03:36
|t č. 1-12+1/2008, neúplné
|w 2026-02-21
|y PREZ
|z chýba č. 1-10
|
| 952 |
|
|
|0 0
|1 0
|4 0
|7 0
|8 0
|a SNK
|b SNK
|d 2014-05-15
|f 1
|i snk2014/11482
|l 0
|o snkČSB 5886/5/2008
|p 17A1088057
|r 2026-02-21 21:03:36
|t č. 2-12, neúplné
|w 2026-02-21
|y PREZ
|z chýba č. 5
|
| 952 |
|
|
|0 0
|1 0
|4 0
|7 0
|8 0
|a SNK
|b SNK
|d 2014-05-15
|i snk2014/11483
|l 0
|o snkČSB 5886/5/2008 D1
|p 17A1088058
|r 2026-02-21 21:03:36
|t č. 2-12, neúplné
|w 2026-02-21
|y PREZ
|z chýba č. 5
|
| 952 |
|
|
|0 0
|1 0
|4 0
|7 0
|8 0
|a SNK
|b SNK
|d 2014-05-15
|f 1
|i snk2014/11484
|l 0
|o snkČSB 5886/6/2009
|p 17A1088059
|r 2026-02-21 21:03:37
|t č. 1-12, neúplné
|w 2026-02-21
|y PREZ
|z chýba č. 8
|
| 952 |
|
|
|0 0
|1 0
|4 0
|7 0
|8 0
|a SNK
|b SNK
|d 2014-05-15
|i snk2014/11485
|l 0
|o snkČSB 5886/6/2009 D1
|p 17A1088060
|r 2026-02-21 21:03:37
|t č. 1-12, neúplné
|w 2026-02-21
|y PREZ
|z chýba č. 8
|
| 952 |
|
|
|0 0
|1 0
|4 0
|7 0
|8 0
|a SNK
|b SNK
|d 2014-05-15
|f 1
|i snk2014/11486
|l 0
|o snkČSB 5886/7/2010
|p 17A1088061
|r 2026-02-21 21:03:37
|t č. 1-10
|w 2026-02-21
|y PREZ
|
| 952 |
|
|
|0 0
|1 0
|4 0
|7 0
|8 0
|a SNK
|b SNK
|d 2014-05-15
|i snk2014/11494
|l 0
|o snkČSB 5886/7/2010 D1
|p 17A1088062
|r 2026-02-21 21:03:37
|t č. 1-10
|w 2026-02-21
|y PREZ
|
| 952 |
|
|
|0 0
|1 0
|4 0
|7 0
|8 0
|a SNK
|b SNK
|d 2014-05-15
|f 1
|i snk2014/11499
|l 0
|o snkČSB 5886/8/2011
|p 17A1088063
|r 2026-02-21 21:03:37
|t č. 1-12, neúplné
|w 2026-02-21
|y PREZ
|z chýba č. 7-8
|
| 952 |
|
|
|0 0
|1 0
|4 0
|7 0
|8 0
|a SNK
|b SNK
|d 2014-05-15
|i snk2014/11500
|l 0
|o snkČSB 5886/8/2011 D1
|p 17A1088064
|r 2026-02-21 21:03:37
|t č. 1-12, neúplné
|w 2026-02-21
|y PREZ
|z chýba č. 7-8
|
| 952 |
|
|
|0 0
|1 0
|4 0
|7 3
|8 0
|a SNK
|b SNK
|d 2014-05-15
|i snk2014/11513
|l 0
|o snkČSB 5886/9/2012
|p 17A1088065
|r 2026-02-21 21:03:37
|t č. 1-10, neúplné
|w 2026-02-21
|y NEVYP
|z chýba č. 7-8
|
| 952 |
|
|
|0 0
|1 0
|4 0
|7 0
|8 0
|a SNK
|b SNK
|d 2014-05-15
|i snk2014/11514
|l 0
|o snkČSB 5886/9/2012 D1
|p 17A1088066
|r 2026-02-21 21:03:37
|t č. 1-10, neúplné
|w 2026-02-21
|y PREZ
|z chýba č. 7-10
|
| 952 |
|
|
|0 0
|1 0
|4 0
|7 0
|8 0
|a SNK
|b SNK
|d 2018-08-10
|i snk2018/16593
|l 0
|o snkČSB 5886/10/2013
|p 17A1328069
|r 2026-02-21 22:19:19
|t č. 1-6, neúplné
|w 2026-02-21
|y PREZ
|z Chýba č. 3-4
|